|
|
|
|
| LEADER |
00000nab a2200000 a 4500 |
| 001 |
vtls011122664 |
| 003 |
SK-MaSNL |
| 005 |
20260303151153.0 |
| 008 |
230222|2011 xo |||||||||||||||||eng| |
| 015 |
|
|
|a SNBRB
|
| 035 |
|
|
|a (uuid)fa94400c-c41c-466f-8dff-2d2742dc4365
|
| 035 |
|
|
|a (urnnbn)urn:nbn:sk:snk:ar-a08x4r
|
| 035 |
|
|
|a urn:nbn:sk:snk-ab9unp
|
| 040 |
|
|
|a SNKBUCL
|b slo
|c SNKBUCL
|e AACR2
|
| 041 |
0 |
|
|a eng
|
| 044 |
|
|
|a xo
|c SK
|
| 100 |
1 |
|
|a Kolařík, Kamil
|4 aut
|9 821776
|
| 245 |
1 |
0 |
|a APPLICATION OF X-RAY DIFFRACTION AND BARKHAUSEN NOISE ANALYSIS FOR STABILITY CONTROL DURING MACHINING
|c Kamil Kolařík, Nikolaj Ganev, Jan Jersák
|
| 700 |
1 |
|
|a Ganev, Nikolaj
|4 aut
|9 815246
|
| 700 |
1 |
|
|a Jersák, Jan
|4 aut
|9 778465
|
| 773 |
0 |
|
|t Materiálové inžinierstvo
|g Roč. 18, č. 2 (2011), s. 49-56
|
| 958 |
|
|
|a OND
|
| 958 |
|
|
|a EUIPO
|
| 958 |
|
|
|a article13
|
| 999 |
|
|
|c 2016506
|d 2018436
|